Реальный репортер (Запись № 11645977)

Подробности
000 -МАРКЕР
контрольное поле 01452nam0a2200325 i 4500
001 - ИДЕНТИФИКАТОР ЗАПИСИ
контрольное поле RU\NLR\BIBL_A\011146163
005 - ИДЕНТИФИКАТОР ВЕРСИИ
контрольное поле 20260405111029.0
010 ## - МЕЖДУНАРОДНЫЙ СТАНДАРТНЫЙ НОМЕР КНИГИ (ISBN)
Номер (ISBN) 9785000579961
Тираж 2000
021 ## - НОМЕР ГОСУДАРСТВЕННОЙ РЕГИСТРАЦИИ
Код страны российская федерация
Номер 2016-41910
Номер Листа государственной регистраци 2687
035 ## - ДРУГИЕ СИСТЕМНЫЕ НОМЕРА
Идентификатор записи (NLR Aleph) 011146163
100 ## - ДАННЫЕ ОБЩЕЙ ОБРАБОТКИ
Данные общей обработки 20160603d2016 u y0rusy50 ca
101 0# - ЯЗЫК РЕСУРСА
Язык текста, звукозаписи и т.д. русский
102 ## - СТРАНА ПУБЛИКАЦИИ ИЛИ ПРОИЗВОДСТВА
Страна публикации российская федерация
105 ## - ПОЛЕ КОДИРОВАННЫХ ДАННЫХ: ТЕКСТОВЫЕ МАТЕРИАЛЫ, МОНОГРАФИЧЕСКИЕ
Кодированные данные о монографическом текстовом документе y|||z|||000
200 1# - ЗАГЛАВИЕ И СВЕДЕНИЯ ОБ ОТВЕТСТВЕННОСТИ
Основное заглавие Реальный репортер
Сведения, относящиеся к заглавию чему не учат на журфаке
Первые сведения об ответственности Дмитрий Соколов-Митрич
205 ## - СВЕДЕНИЯ ОБ ИЗДАНИИ
Сведения об издании [Полностью обновл. изд. бестселлера "Реальный репортер"]
210 ## - ПУБЛИКАЦИЯ, РАСПРОСТРАНЕНИЕ И ДР.
Место издания, распространения и т.д. Москва
Имя издателя, распространителя и т. д. Манн, Иванов и Фербер
Дата издания, распространения и т.д. 2016
215 ## - ФИЗИЧЕСКАЯ ХАРАКТЕРИСТИКА
Специфическое обозначение материала и объем 301, [1] с.
Размеры 21
225 1# - СЕРИЯ
Основное заглавие серии Советы для журналистов и репортажи про оптимистов
320 ## - ПРИМЕЧАНИЯ О НАЛИЧИИ В ДОКУМЕНТЕ БИБЛИОГРАФИИ / УКАЗАТЕЛЯ
Текст примечания Др. кн. авт. на 4-й с. обл.
600 #1 - ИМЯ ЛИЦА КАК ПРЕДМЕТ
Начальный элемент ввода Соколов-Митрич
Часть имени, кроме начального элемента ввода Д.
Даты 1975
Расширение инициалов личного имени Дмитрий
Системный номер авторитетной/нормативной записи 2500715
Идентификатор авторитетной/нормативной записи RU\NLR\AUTH\661483206
606 ## - НАИМЕНОВАНИЕ ТЕМЫ КАК ПРЕДМЕТ
Наименование темы Журналистика
Системный номер авторитетной/нормативной записи 1424082
Идентификатор авторитетной/нормативной записи RU\NLR\AUTH\66289940
686 1# - ИНДЕКСЫ ДРУГИХ КЛАССИФИКАЦИЙ
Индекс Ч612
686 1# - ИНДЕКСЫ ДРУГИХ КЛАССИФИКАЦИЙ
Индекс Ч612.3(2)7-8Соколов-Митрич
700 #1 - ИМЯ ЛИЦА - ПЕРВИЧНАЯ ОТВЕТСТВЕННОСТЬ
Материалы, к которым относится поле rus
Графика поля Кириллица
Начальный элемент ввода Соколов-Митрич
Часть имени, кроме начального элемента ввода Д. В.
Дополнения к именам, кроме дат журналист
Даты 1975-
Расширение инициалов личного имени Дмитрий Владимирович
Идентификатор авторитетной/нормативной записи RU\NLR\AUTH\7742091
Системный номер авторитетной/нормативной записи 25038
942 ## - ДОПОЛНИТЕЛЬНЫЕ ЭЛЕМЕНТЫ ЗАПИСИ (АБИС)
Тип экземпляра АБИС Книга
980 ## - КОЛЛЕКЦИЯ
Название коллекции НБР

Нет доступных экземпляров.